Historia de Juan Sebastián del Cano / (Record no. 53839)

MARC details
000 -LEADER
campo de control de longitud fija 01073nam a22002535i 4500
001 - NÚMERO DE CONTROL
campo de control 53839
003 - IDENTIFICADOR DE NÚMERO DE CONTROL
campo de control ES-MaACL
005 - FECHA Y HORA DE LA ÚLTIMA TRANSACCIÓN
campo de control 20250829055120.0
007 - CAMPO FIJO DE DESCRIPCIÓN FÍSICA--INFORMACIÓN GENERAL
campo de control de longitud fija t|
008 - DATOS DE LONGITUD FIJA--INFORMACIÓN GENERAL
campo de control de longitud fija 940202s1872 sp b |||| |bspa d
100 1# - ENTRADA PRINCIPAL--NOMBRE DE PERSONA
Nombre de persona Fernández de Navarrete, Eustaquio.
9 (RLIN) 49696
245 10 - MENCIÓN DEL TÍTULO
Título Historia de Juan Sebastián del Cano /
Mención de responsabilidad, etc. escrita por Eustaquio Fernández de Navarrete ; publícala Nicolás de Saraluce y Zubizarreta.
260 ## - PUBLICACIÓN, DISTRIBUCIÓN, ETC.
Lugar de publicación, distribución, etc. Vitoria :
Nombre del editor, distribuidor, etc. [s.n.],
Fecha de publicación, distribución, etc. 1872 (
Fabricante Imp. de los Hijos de Manteli)
300 ## - DESCRIPCIÓN FÍSICA
Extensión LVIII, 362, [4], IX p., [1] h. de mapa pleg. ;
Dimensiones 23 cm.
505 8# - NOTA DE CONTENIDO CON FORMATO
Nota de contenido con formato Contiene: Biografía de Eugenio Ochoa / Nicolás de Saraluce
530 ## - NOTA DISPONIBLE DE FORMULARIO FÍSICO ADICIONAL
Nota de formato físico adicional disponible Disponible en formato digital.
600 14 - PUNTO DE ACCESO ADICIONAL DE MATERIA--NOMBRE DE PERSONA
Nombre de persona Elcano, Juan Sebastián de,
Fechas asociadas al nombre ca. 1476-1526
9 (RLIN) 126923
600 14 - PUNTO DE ACCESO ADICIONAL DE MATERIA--NOMBRE DE PERSONA
Nombre de persona Ochoa, Eugenio de.
9 (RLIN) 86476
650 #4 - PUNTO DE ACCESO ADICIONAL DE MATERIA--TÉRMINO DE MATERIA
Término de materia o nombre geográfico como elemento de entrada Viajes alrededor del mundo-
Subdivisión cronológica S.XVI.
9 (RLIN) 17781
700 1# - ENTRADA AGREGADA--NOMBRE PERSONAL
Nombre de persona Saraluce y Zubizarreta, Nicolás.
9 (RLIN) 103753
852 4# - LOCALIZACIÓN
Ubicación ES-MaACL
Número de control de estantería G-12336
856 4# - LOCALIZACIÓN Y ACCESO ELECTRÓNICOS
Identificador Uniforme de Recursos <a href="http://bdh-rd.bne.es/viewer.vm?id=0000250493&page=1 ">http://bdh-rd.bne.es/viewer.vm?id=0000250493&page=1 </a>
Nota pública Biblioteca Digital Hispánica
Holdings
Estatus retirado Estado de pérdida Estado de daño No para préstamo Colección Biblioteca de origen Biblioteca actual Ubicación en estantería Fecha de adquisición Fuente de adquisición Total de préstamos Signatura topográfica completa Código de barras Visto por última vez Precio de reemplazo Tipo de ítem Koha
        Colección digital Biblioteca del Ateneo de Madrid Biblioteca del Ateneo de Madrid Sala Pecera Planta 3 17/01/2008     G-12336 1056582 23/02/2023 23/02/2023 Libro impreso antiguo